| 000 | 00770nam a2200229 i 4500 | ||
|---|---|---|---|
| 001 | 147525 | ||
| 003 | ES-MaACL | ||
| 005 | 20231218172850.0 | ||
| 007 | t| | ||
| 008 | 071002q1981 sp |||| | spa d | ||
| 110 | 2 |
_aUGT. _bFederación Estatal de Industrias Energéticas. _97034 |
|
| 245 | 1 | 0 |
_aAlternativa energética _b: una solución socialista para España / _cFederaciones de Energía y Minería de la UGT ; prólogo de Enrique Barón. |
| 260 |
_a[Madrid] : _bH. Blume, _c[1981] |
||
| 300 |
_a251 p. ; _c21 cm. |
||
| 490 | 1 | _aEconomía | |
| 651 | 4 |
_aEspaña- _xPolítica energética. _98417 |
|
| 700 | 1 |
_aBarón, Enrique, _d1944- _925767 |
|
| 830 | 0 |
_aEconomía _9177792 |
|
| 852 |
_aES-MaACL _jL-2488 |
||
| 942 | _2udc | ||
| 999 |
_c147525 _d147525 |
||